Statistiken für Welthauptstädte, die Singapur am nächsten liegen

Klicken Sie hier um das Quiz zu spielen!

Allgemein

  • Dieses Quiz wurde 60 mal gespielt
  • Das Durchschnittsergebnis liegt bei 11 aus 20

Antwortstatistiken

kmHauptstadt% Korrekt
902Jakarta
90%
4465Peking
88%
1426Bangkok
86%
309Kuala Lumpur
83%
2198Hanoi
76%
2391Manila
71%
4142Neu-Delhi
68%
3250Taipeh
64%
2881Dhaka
63%
3530Kathmandu
59%
2652Dili
54%
3380Malé
54%
1142Phnom Penh
49%
1855Vientiane
47%
4813Islamabad
44%
1296Bandar Seri Begawan
42%
2210Naypyidaw
32%
2720Colombo
31%
3274Thimphu
29%
3481Ngerulmud
8%

Verteilung der Resultate

Perzentil nach korrekt beantworteten Fragen

Anzahl Personen mit jedem Resultat

Ihre Resultats-Entwicklung

Sie haben dieses Quiz noch nicht gespielt